La ley de los sin ley (Registro nro. 25038)
[ vista simple ]
| 000 -LEADER | |
|---|---|
| fixed length control field | 00359 a2200109 4500 |
| 001 - CONTROL NUMBER | |
| control field | ART_22269 |
| 005 - DATE AND TIME OF LATEST TRANSACTION | |
| control field | 20260410161851.0 |
| 008 - FIXED-LENGTH DATA ELEMENTS--GENERAL INFORMATION | |
| fixed length control field | 260409a |
| 100 1# - MAIN ENTRY--PERSONAL NAME | |
| Personal name | Slokar, Alejandro |
| 245 10 - TITLE STATEMENT | |
| Title | La ley de los sin ley |
| 773 0# - HOST ITEM ENTRY | |
| Title | Derecho Penal |
| Related parts | Determinación judicial de la pena. Ejecución de la pena - Año II, Nº 6 (dic. 2013) |
| Record control number | REV10351 |
No hay ítems disponibles.